000 00306nam a22001217a 4500
020 _a978-81-89847-86-9
082 _a510
_bNIJ/M
100 _aJ.C.NIJHAWAN
245 _aCBSE SECONDARY SCHOOL MATHEMATICS
_bCLASS X
260 _aDELHI
_bP.P.PUBLICATIONS
_c2018
650 _aMATHS FOR CLASS X
_zINDIA
942 _cBK
999 _c746
_d746